01043nam0a22002531 4500001001100000005001700011021001900028035002600047100004100073101000800114102000700122105001800129200015200147210003500299215002200334225010300356606008800459700006800547701005400615701006000669801001800729801002200747852002000769rc\321223620250609191447.0 aRUb[76-46604] a(NLR Aleph) 007463863 a20130115d1976 |||y0rusy50 ca0 arus aRU aa z |||||1 aРемонтные работы на оросительных системахfВ.И. Ольгаренко, И.А. Чуприн, П.В. Иоффе aМоскваcКолосd1976 a64 с.cил.d201 aБиблиотечка службы эксплуатации оросительных систем aОросительные системыxРемонт и содержание2psbo 1aОльгаренкоbВ.И.gВладимир Иванович 1aЧупринbИ.С.gИван Сергеевич 1aИоффеbП.В.gПавел Владимирович 0aRUbNLRgpsbo 1aRUbELAR2rusmarc aNLRj76-4/29537